[Event "Tenerife-chT Preferente"]
[Site "Tenerife"]
[Date "2023.03.18"]
[Round "8.2"]
[White "Perez Garcia, Jimena"]
[Black "Martin Hernandez, Jonas David"]
[Result "0-1"]
[WhiteElo "1916"]
[BlackElo "1924"]
[PlyCount "80"]
[EventDate "2023.01.14"]
[EventType "team-tourn"]
[EventRounds "14"]
[EventCountry "ESP"]
[SourceTitle "EXT 2024"]
[Source "ChessBase"]
[SourceDate "2023.10.10"]
[SourceVersion "1"]
[SourceVersionDate "2023.10.10"]
[SourceQuality "1"]
[WhiteTeam "Caissa Enroque"]
[BlackTeam "Puerto de la Cruz Piratas"]
[WhiteTeamCountry "ESP"]
[BlackTeamCountry "ESP"]

1. d4 f5 2. g3 Nf6 3. Bg2 d5 4. Nh3 e6 5. 0-0 Bd6 6. c4 c6 7. Qc2 b6 8. Bf4 0-0 9. Nd2 Bb7 10. Nf3 Na6 11. Bxd6 Qxd6 12. Rfd1 Nb4 13. Qa4 dxc4 14. a3 Nbd5 15. Qxc4 a5 16. Ne5 Ba6 17. Qc2 Rac8 18. Nd3 Ne7 19. Qb3 Nfd5 20. Nhf4 Bxd3 21. Nxd3 f4 22. Rac1 Rf6 23. Rc2 fxg3 24. hxg3 Ne3 25. fxe3 Qxg3 26. Nf4 Nd5 27. Rf1 Rxf4 28. Rcc1 Re8 29. Rf3 Rxf3 30. exf3 Rf8 31. Rf1 Rf6 32. Rf2 h5 33. Kf1 h4 34. Ke2 h3 35. Bh1 Qg1 36. Rf1 Qh2+ 37. Kd3 Rg6 38. Qd1 Qxb2 39. Qe2 Qxa3+ 40. Ke4 Nc3+ 0-1

[Event "Tenerife-chT Preferente"]
[Site "Tenerife"]
[Date "2023.03.04"]
[Round "6.2"]
[White "Martin Hernandez, Jonas David"]
[Black "Mendivil Anton, Daniel"]
[Result "0-1"]
[WhiteElo "1924"]
[BlackElo "2177"]
[PlyCount "54"]
[EventDate "2023.01.14"]
[EventType "team-tourn"]
[EventRounds "14"]
[EventCountry "ESP"]
[SourceTitle "EXT 2024"]
[Source "ChessBase"]
[SourceDate "2023.10.10"]
[SourceVersion "1"]
[SourceVersionDate "2023.10.10"]
[SourceQuality "1"]
[WhiteTeam "Puerto de la Cruz Piratas"]
[BlackTeam "Al Shah Mat Los Realejos"]
[WhiteTeamCountry "ESP"]
[BlackTeamCountry "ESP"]

1. e4 e6 2. d4 d5 3. Bd3 c5 4. exd5 exd5 5. Nf3 Nf6 6. 0-0 c4 7. Re1+ Be7 8. Bf1 0-0 9. b3 cxb3 10. axb3 Nc6 11. Ba3 Bxa3 12. Nxa3 Bg4 13. Be2 Ne4 14. Qd3 Qf6 15. h3 Bh5 16. c4 Rfe8 17. Nb5 Nb4 18. Qd1 Re7 19. Rxa7 Rae8 20. g4 Bg6 21. Kg2 h5 22. g5 Nxg5 23. Ne5 Qf5 24. cxd5 Nxd5 25. Nd6 Nf4+ 26. Kg3 Qxh3+ 27. Kxf4 Ne6# 0-1

[Event "Tenerife-chT Preferente"]
[Site "Tenerife"]
[Date "2022.04.02"]
[Round "8.2"]
[White "Oudeh Mishmesh, Omar"]
[Black "Martin Hernandez, Jonas David"]
[Result "0-1"]
[WhiteElo "2032"]
[BlackElo "1892"]
[PlyCount "72"]
[EventDate "2022.01.29"]
[EventType "team-tourn"]
[EventRounds "14"]
[EventCountry "ESP"]
[SourceTitle "EXT 2024"]
[Source "ChessBase"]
[SourceDate "2023.10.10"]
[SourceVersion "1"]
[SourceVersionDate "2023.10.10"]
[SourceQuality "1"]
[WhiteTeam "Al Shah Mat Los Realejos"]
[BlackTeam "Piratas La Orotava"]
[WhiteTeamCountry "ESP"]
[BlackTeamCountry "ESP"]

1. c4 e5 2. Nc3 Nc6 3. g3 f5 4. Bg2 Nf6 5. Nf3 Bb4 6. Nd5 d6 7. Nxb4 Nxb4 8. 0-0 0-0 9. d4 e4 10. Ne1 d5 11. b3 Nc6 12. Nc2 Ne7 13. cxd5 Nexd5 14. Ne3 Be6 15. Nxd5 Bxd5 16. Bd2 a5 17. Qc2 Qd7 18. Rfc1 c6 19. Qc5 b5 20. e3 Qf7 21. a3 h6 22. Rf1 Qh5 23. Qc2 Nh7 24. Rab1 Ng5 25. h4 Nf3+ 26. Bxf3 exf3 27. Kh2 Qg4 28. Rh1 Be4 29. Qb2 Bxb1 30. Qxb1 g5 31. hxg5 hxg5 32. b4 Kg7 33. Kg1 Rh8 34. Qf1 Rxh1+ 35. Kxh1 Qh5+ 36. Kg1 Rh8 0-1

[Event "Tenerife-chT Preferente"]
[Site "Tenerife"]
[Date "2022.03.12"]
[Round "6.2"]
[White "Martin Hernandez, Jonas David"]
[Black "Amador Garcia, Ismael"]
[Result "1/2-1/2"]
[WhiteElo "1892"]
[BlackElo "2127"]
[PlyCount "38"]
[EventDate "2022.01.29"]
[EventType "team-tourn"]
[EventRounds "14"]
[EventCountry "ESP"]
[SourceTitle "EXT 2024"]
[Source "ChessBase"]
[SourceDate "2023.10.10"]
[SourceVersion "1"]
[SourceVersionDate "2023.10.10"]
[SourceQuality "1"]
[WhiteTeam "Piratas La Orotava"]
[BlackTeam "Ebano Barrio Nuevo"]
[WhiteTeamCountry "ESP"]
[BlackTeamCountry "ESP"]

1. e4 c5 2. Nc3 d6 3. f4 g6 4. Nf3 Bg7 5. Bb5+ Bd7 6. Bxd7+ Qxd7 7. d3 Nc6 8. 0-0 f5 9. Qe1 0-0-0 10. a3 Nf6 11. Ra2 Nd4 12. b4 Qc6 13. bxc5 Nxf3+ 14. gxf3 dxc5 15. Be3 e6 16. a4 Ne8 17. Nb5 Qb6 18. e5 Nc7 19. Bd2 Nxb5 1/2-1/2

[Event "Tenerife-chT Preferente"]
[Site "Tenerife"]
[Date "2021.06.05"]
[Round "8.1"]
[White "Martin Hernandez, Jonas David"]
[Black "Perez Perez, Gabriel"]
[Result "1/2-1/2"]
[WhiteElo "1881"]
[BlackElo "2151"]
[PlyCount "74"]
[EventDate "2021.02.27"]
[EventType "team-tourn"]
[EventRounds "14"]
[EventCountry "ESP"]
[SourceTitle "EXT 2023"]
[Source "ChessBase"]
[SourceDate "2022.10.05"]
[SourceVersion "1"]
[SourceVersionDate "2022.10.05"]
[SourceQuality "1"]
[WhiteTeam "Piratas La Orotava"]
[BlackTeam "Ebano Barrio Nuevo"]
[WhiteTeamCountry "ESP"]
[BlackTeamCountry "ESP"]

1. e4 Nc6 2. d4 d5 3. e5 e6 4. f4 f6 5. Nf3 Nh6 6. c3 fxe5 7. fxe5 Be7 8. Bxh6 gxh6 9. Bd3 0-0 10. Qc2 Rf7 11. 0-0 Bd7 12. Nbd2 Be8 13. a3 Rg7 14. Rf2 Bg6 15. Raf1 a5 16. Nb3 a4 17. Nc1 Qd7 18. Ne2 Rf8 19. Ne1 Rxf2 20. Rxf2 Bg5 21. Rf3 Bh5 22. Rg3 Bh4 23. Rxg7+ Qxg7 24. g3 Bg5 25. Ng2 Bxe2 26. Bxe2 Qg6 27. Bd3 Qh5 28. Qxa4 Qf3 29. Qc2 Kg7 30. Bxh7 Ne7 31. Bd3 c5 32. dxc5 Nc6 33. Nf4 Qe3+ 34. Kg2 Bxf4 35. gxf4 Qxf4 36. Qf2 Qxe5 37. Qg3+ Kf6 1/2-1/2

[Event "Tenerife-chT Preferente 1920"]
[Site "Tenerife"]
[Date "2019.12.21"]
[Round "3.2"]
[White "Martin Hernandez, Jonas David"]
[Black "Guillermo Gonzalez, Alvaro"]
[Result "0-1"]
[WhiteElo "1885"]
[BlackElo "2073"]
[PlyCount "58"]
[EventDate "2019.11.30"]
[EventType "team-tourn"]
[EventRounds "14"]
[EventCountry "ESP"]
[SourceTitle "CBM 195 Extra"]
[Source "ChessBase"]
[SourceDate "2020.05.31"]
[SourceVersion "1"]
[SourceVersionDate "2020.05.31"]
[SourceQuality "1"]
[WhiteTeam "Puerto de la Cruz Piratas"]
[BlackTeam "Fundacion La Caja de Canarias"]
[WhiteTeamCountry "ESP"]
[BlackTeamCountry "ESP"]

1. e4 c5 2. Nc3 a6 3. Bc4 Nc6 4. f4 b5 5. Bd5 Bb7 6. Nf3 Nf6 7. Bxc6 Bxc6 8. d3 e6 9. 0-0 d5 10. e5 d4 11. exf6 dxc3 12. f5 gxf6 13. fxe6 fxe6 14. Qe2 Qd7 15. bxc3 0-0-0 16. Be3 Bd6 17. a4 Rhg8 18. axb5 axb5 19. Qf2 Qc7 20. Qh4 Rg6 21. Rae1 Rdg8 22. Re2 f5 23. Ne1 Qg7 24. Qh3 Qxc3 25. Qxh7 Qf6 26. Bf4 Qd4+ 27. Be3 Qxe3+ 28. Rxe3 Rxg2+ 29. Nxg2 Rxg2+ 0-1

[Event "Tenerife-chT Primera 1819"]
[Site "Tenerife"]
[Date "2019.03.30"]
[Round "12.3"]
[White "Martin Hernandez, Jonas David"]
[Black "Oudeh Mishmesh, Omar"]
[Result "1-0"]
[WhiteElo "1849"]
[BlackElo "1475"]
[PlyCount "87"]
[EventDate "2018.11.24"]
[EventType "team-tourn"]
[EventRounds "14"]
[EventCountry "ESP"]
[SourceTitle "CBM 189 Extra"]
[Source "ChessBase"]
[SourceDate "2019.06.03"]
[SourceVersion "1"]
[SourceVersionDate "2019.06.03"]
[SourceQuality "1"]
[WhiteTeam "Puerto de la Cruz Piratas"]
[BlackTeam "Al Shah Mat Los Realejos"]
[WhiteTeamCountry "ESP"]
[BlackTeamCountry "ESP"]

1. e4 e6 2. d4 d5 3. Bd3 dxe4 4. Bxe4 Nf6 5. Bf3 c5 6. Ne2 Be7 7. Be3 cxd4 8. Qxd4 Nc6 9. Bxc6+ bxc6 10. Qc4 Bb7 11. Nbc3 0-0 12. 0-0 Nd5 13. Bc5 Bxc5 14. Qxc5 f5 15. Nd4 Qd7 16. Rfe1 Rf6 17. Re5 Rg6 18. Nce2 Rh6 19. Re1 g5 20. Ng3 Nf4 21. Nb3 Ba6 22. Qd4 Qd8 23. Qc3 Bb7 24. Nc5 Bc8 25. Nxf5 Rf6 26. Nd4 Qd6 27. Rxg5+ Rg6 28. Rxg6+ hxg6 29. Ne4 Qe7 30. Qc5 Qg7 31. Qd6 e5 32. Nf6+ Kf7 33. Ng4 Bxg4 34. Nxc6 Re8 35. Nxe5+ Kg8 36. Re4 g5 37. g3 Bf5 38. Re3 Ng6 39. Qd5+ Be6 40. Qd6 Nxe5 41. Rxe5 Kf7 42. Qc5 Kf6 43. Qd4 Kg6 44. Rxg5+ 1-0

[Event "Tenerife-chT Primera 1819"]
[Site "Tenerife"]
[Date "2019.02.16"]
[Round "8.3"]
[White "Marrero Martin, Manuel"]
[Black "Martin Hernandez, Jonas David"]
[Result "0-1"]
[WhiteElo "1829"]
[BlackElo "1849"]
[PlyCount "71"]
[EventDate "2018.11.24"]
[EventType "team-tourn"]
[EventRounds "14"]
[EventCountry "ESP"]
[SourceTitle "CBM 189 Extra"]
[Source "ChessBase"]
[SourceDate "2019.06.03"]
[SourceVersion "1"]
[SourceVersionDate "2019.06.03"]
[SourceQuality "1"]
[WhiteTeam "El Sauzal Libreria Barco"]
[BlackTeam "Puerto de la Cruz Piratas"]
[WhiteTeamCountry "ESP"]
[BlackTeamCountry "ESP"]

1. c4 e5 2. g3 Nc6 3. Bg2 f5 4. Nc3 Nf6 5. d3 Bb4 6. Bd2 Bxc3 7. Bxc3 d6 8. e4 0-0 9. Ne2 Rb8 10. 0-0 Qe8 11. f4 Qh5 12. Qd2 fxe4 13. dxe4 Bh3 14. Bxh3 Qxh3 15. Rf2 Kh8 16. Raf1 Nxe4 17. Qd5 Nxf2 18. Rxf2 Rbe8 19. b4 Qe6 20. Qxe6 Rxe6 21. f5 Ref6 22. g4 g6 23. Nf4 gxf5 24. g5 R6f7 25. h4 Ne7 26. Ne6 Rc8 27. h5 Kg8 28. Rg2 f4 29. g6 hxg6 30. Ng5 gxh5 31. Ne6+ Kh7 32. Ng5+ Kg6 33. Kf2 Rg8 34. Nf3+ Kf6 35. Rh2 Rh7 36. Nd2 0-1

[Event "Tenerife-chT Primera 1819"]
[Site "Tenerife"]
[Date "2018.12.15"]
[Round "3.3"]
[White "Martin Hernandez, Jonas David"]
[Black "Diaz Reyes, Killian"]
[Result "1-0"]
[WhiteElo "1849"]
[BlackElo "1742"]
[PlyCount "65"]
[EventDate "2018.11.24"]
[EventType "team-tourn"]
[EventRounds "14"]
[EventCountry "ESP"]
[SourceTitle "CBM 189 Extra"]
[Source "ChessBase"]
[SourceDate "2019.06.03"]
[SourceVersion "1"]
[SourceVersionDate "2019.06.03"]
[SourceQuality "1"]
[WhiteTeam "Puerto de la Cruz Piratas"]
[BlackTeam "Fundacion La Caja de Canarias II"]
[WhiteTeamCountry "ESP"]
[BlackTeamCountry "ESP"]

1. e4 d5 2. exd5 Qxd5 3. Nc3 Qa5 4. d4 Nf6 5. Nf3 Bf5 6. Bd2 c6 7. Ne5 Qb6 8. Bc4 e6 9. Qe2 Qxd4 10. 0-0-0 Bd6 11. Nf3 Qb6 12. Bg5 Be7 13. Nd4 Nd5 14. Bxd5 Bxg5+ 15. f4 Bxf4+ 16. Kb1 0-0 17. Nxf5 cxd5 18. Nxg7 Qc7 19. Qg4 Kh8 20. Nh5 Be5 21. Rd3 Rg8 22. Qh4 Qd8 23. Qf2 Qg5 24. Qxf7 Qxg2 25. Re1 Nc6 26. Rxe5 Raf8 27. Qxe6 Qxh2 28. Rexd5 Nb4 29. Qe5+ Qxe5 30. Rxe5 Nxd3 31. cxd3 Rg2 32. Re2 Rxe2 33. Nxe2 1-0

[Event "San Cristobal de La Laguna op 1st"]
[Site "San Cristobal de La Laguna"]
[Date "2018.09.03"]
[Round "5"]
[White "Lopez Pereyra, Antonio"]
[Black "Martin Hernandez, Jonas David"]
[Result "1-0"]
[WhiteElo "2134"]
[BlackElo "1865"]
[PlyCount "77"]
[EventDate "2018.08.31"]
[EventType "swiss"]
[EventRounds "9"]
[EventCountry "ESP"]
[SourceTitle "CBM 186 Extra"]
[Source "ChessBase"]
[SourceDate "2018.08.24"]
[SourceVersion "1"]
[SourceVersionDate "2018.08.24"]
[SourceQuality "1"]

1. e4 c5 2. Nf3 g6 3. d4 cxd4 4. Nxd4 Nc6 5. c4 Nf6 6. Nc3 Nxd4 7. Qxd4 d6 8. Bg5 Bg7 9. Be2 0-0 10. Qd2 a5 11. 0-0 a4 12. Rac1 Qa5 13. f3 Be6 14. Nd5 Qxd2 15. Nxe7+ Kh8 16. Bxd2 Rfe8 17. Nd5 Bxd5 18. cxd5 Nxd5 19. Bb5 Bd4+ 20. Kh1 Ne3 21. Bxe3 Bxe3 22. Rc3 Re5 23. Bc4 Bd4 24. Rd3 Bxb2 25. Rxd6 Re7 26. Bd5 Rb8 27. Rb6 a3 28. g4 Bd4 29. Rb3 Bb2 30. g5 Rc7 31. f4 b5 32. f5 Kg7 33. Rbf3 Rc1 34. Rxc1 Bxc1 35. h4 h6 36. fxg6 fxg6 37. Rf7+ Kh8 38. h5 hxg5 39. hxg6 1-0

[Event "Tenerife-chT Primera 1718"]
[Site "Tenerife"]
[Date "2017.11.18"]
[Round "2.1"]
[White "Martin Hernandez, Jonas David"]
[Black "Fernandez Vazquez, Jorge"]
[Result "0-1"]
[WhiteElo "1888"]
[BlackElo "1948"]
[PlyCount "72"]
[EventDate "2017.11.11"]
[EventType "team-tourn"]
[EventRounds "14"]
[EventCountry "ESP"]
[SourceTitle "CBM 187 Extra"]
[Source "ChessBase"]
[SourceDate "2018.11.04"]
[SourceVersion "1"]
[SourceVersionDate "2018.11.04"]
[SourceQuality "1"]
[WhiteTeam "Piratas La Orotava II"]
[BlackTeam "Al Shah Mat Los Realejos III"]
[WhiteTeamCountry "ESP"]
[BlackTeamCountry "ESP"]

1. e4 c6 2. d4 d5 3. exd5 cxd5 4. Bd3 Nc6 5. c3 Qc7 6. Bg5 Nf6 7. Bh4 e6 8. Bg3 Bd6 9. Nf3 0-0 10. 0-0 Bxg3 11. hxg3 a6 12. a4 Bd7 13. Nbd2 Ne7 14. Ne5 Nc8 15. g4 h6 16. f4 Nd6 17. g5 hxg5 18. fxg5 Nfe4 19. Qh5 g6 20. Qh6 Nf5 21. Rxf5 exf5 22. Ndf3 Be8 23. Nh4 Nxg5 24. Bxf5 Nh7 25. Bg4 Qe7 26. Nef3 Qf6 27. Rf1 Qg7 28. Qd2 Nf6 29. Ne5 Ne4 30. Qc2 Qh6 31. Nhf3 Qe3+ 32. Kh2 Kg7 33. Bh3 Rh8 34. a5 Qf4+ 35. Kg1 Qg3 36. Bg4 f6 0-1

[Event "Tenerife-chT Primera 1617"]
[Site "Tenerife"]
[Date "2017.03.11"]
[Round "8.1"]
[White "Martin Hernandez, Jonas David"]
[Black "Rodriguez Redondo, Ethan"]
[Result "0-1"]
[WhiteElo "1925"]
[BlackElo "1811"]
[PlyCount "50"]
[EventDate "2016.12.10"]
[EventType "team-tourn"]
[EventRounds "14"]
[EventCountry "ESP"]
[SourceTitle "EXT 2018"]
[Source "ChessBase"]
[SourceDate "2017.10.13"]
[SourceVersion "1"]
[SourceVersionDate "2017.10.13"]
[SourceQuality "1"]
[WhiteTeam "Puerto de la Cruz Piratas"]
[BlackTeam "El Sauzal II"]
[WhiteTeamCountry "ESP"]
[BlackTeamCountry "ESP"]

1. e4 e5 2. Nf3 Nf6 3. Nxe5 d6 4. Nf3 Nxe4 5. Nc3 Nxc3 6. dxc3 Be7 7. Be3 Nc6 8. Qd2 Be6 9. h3 Qd7 10. Nd4 a6 11. Nxe6 Qxe6 12. Be2 h5 13. c4 Bf6 14. c3 Ne5 15. Qd5 Qxd5 16. cxd5 0-0-0 17. 0-0-0 Rhe8 18. Bxh5 Nc4 19. Bg4+ Kb8 20. Bf4 Re4 21. Bg3 Bg5+ 22. Kb1 Rde8 23. b3 Na3+ 24. Kb2 Nb5 25. a4 Re2+ 0-1

[Event "Tenerife-chT Segunda 1516"]
[Site "Tenerife"]
[Date "2016.04.16"]
[Round "13.1"]
[White "Bernardez Gonzalez, Roberto"]
[Black "Martin Hernandez, Jonas David"]
[Result "0-1"]
[WhiteElo "1540"]
[BlackElo "1911"]
[PlyCount "94"]
[EventDate "2015.12.12"]
[EventType "team-tourn"]
[EventRounds "15"]
[EventCountry "ESP"]
[SourceTitle "EXT 2017"]
[Source "ChessBase"]
[SourceDate "2016.10.25"]
[SourceVersion "1"]
[SourceVersionDate "2016.10.25"]
[SourceQuality "1"]
[WhiteTeam "Achinet Gambito de Rey II"]
[BlackTeam "Los Piratas"]
[WhiteTeamCountry "ESP"]
[BlackTeamCountry "ESP"]

1. d4 Nf6 2. c4 e6 3. Nc3 Bb4 4. Qc2 Nc6 5. Nf3 0-0 6. a3 Bxc3+ 7. Qxc3 d6 8. b4 Ne7 9. Bb2 Ne4 10. Qc2 f5 11. g3 b6 12. Bg2 Rb8 13. Nd2 Nxd2 14. Qxd2 Ng6 15. e3 Bb7 16. 0-0 Bxg2 17. Kxg2 d5 18. c5 b5 19. a4 a6 20. axb5 axb5 21. Ra5 Ra8 22. Rfa1 Rxa5 23. Rxa5 Qg5 24. Kf1 Qg4 25. Qe2 Qh3+ 26. Kg1 Rf6 27. Qxb5 h5 28. Qb8+ Kh7 29. Qxc7 Nh4 30. gxh4 Rg6+ 31. Qg3 Qxh4 32. Qxg6+ Kxg6 33. Ra1 Qd8 34. b5 Kf6 35. b6 Qb8 36. Bc3 g5 37. Ra7 f4 38. Kg2 Kf5 39. Rf7+ Ke4 40. Ba5 fxe3 41. fxe3 h4 42. c6 Kxe3 43. c7 Qc8 44. Bb4 e5 45. Rf8 Qg4+ 46. Kf1 Qe2+ 47. Kg1 h3 0-1

[Event "Tenerife-chT Segunda 1516"]
[Site "Tenerife"]
[Date "2016.04.02"]
[Round "11.1"]
[White "Oudeh Mishmesh, Lara"]
[Black "Martin Hernandez, Jonas David"]
[Result "0-1"]
[WhiteElo "1161"]
[BlackElo "1911"]
[PlyCount "28"]
[EventDate "2015.12.12"]
[EventType "team-tourn"]
[EventRounds "15"]
[EventCountry "ESP"]
[SourceTitle "EXT 2017"]
[Source "ChessBase"]
[SourceDate "2016.10.25"]
[SourceVersion "1"]
[SourceVersionDate "2016.10.25"]
[SourceQuality "1"]
[WhiteTeam "Al Shah Mat Los Realejos III"]
[BlackTeam "Los Piratas"]
[WhiteTeamCountry "ESP"]
[BlackTeamCountry "ESP"]

1. d4 e5 2. c3 e4 3. Bf4 d5 4. e3 Bd6 5. Bxd6 Qxd6 6. Nd2 Nf6 7. c4 c6 8. c5 Qe7 9. Ne2 0-0 10. g3 Bf5 11. Bg2 Na6 12. 0-0 Qd7 13. Qb3 Nc7 14. Qxb7 Rfb8 0-1